Quick Pick: Brass Quintet Quiz Stats

 Plays Quiz Updated May 22, 2018

Challenge
Share
Tweet
Embed
Score 0/5 Timer 00:30
0 Plays Today
% Correct
Trombone
90.4%
Trumpet
84.9%
Tuba
80%
Cornet
75.3%
French Horn
69%

Today's Daily Dose

Missing Word
'F' Pairs

Word Ladder
Mixed Synonyms

On This Day
August 15th II

You're not logged in!

Compare scores with friends on all Sporcle quizzes.
Join for Free
OR
Log In

You Might Also Like...

Show Comments

Extras

Top Quizzes Today


Score Distribution

Your Account Isn't Verified!

In order to create a playlist on Sporcle, you need to verify the email address you used during registration. Go to your Sporcle Settings to finish the process.

Report this User

Report this user for behavior that violates our Community Guidelines.

Details: